[Event "European Youth Chess Championship B18"]
[Site "Prague, Top Hotel Prague"]
[Date "2012.08.20"]
[Round "4.19"]
[White "Pecurica, Milos"]
[Black "Meribanov, Vitaly"]
[Result "1/2-1/2"]
[WhiteElo "2132"]
[BlackElo "2381"]
[PlyCount "84"]
[EventDate "2012.08.17"]

1. d4 Nf6 2. c4 c5 3. d5 b5 4. cxb5 a6 5. bxa6 g6 6. Nc3 Bxa6 7. Nf3 d6 8. e4
Bxf1 9. Kxf1 Bg7 10. g3 Nbd7 11. Kg2 Ng4 12. Nd2 Nge5 13. Qe2 Nb6 14. a4 g5 15.
Nf1 Bf6 16. Ne3 h5 17. h3 Ng6 18. a5 Nd7 19. Nc4 Nge5 20. Bd2 Nxc4 21. Qxc4
Rxa5 22. Nb5 Rxa1 23. Rxa1 Kf8 24. Ra7 Ne5 25. Qa4 Kg7 26. Ba5 Qe8 27. Bc3 h4
28. f4 gxf4 29. gxf4 Ng6 30. Bxf6+ Kxf6 31. e5+ dxe5 32. fxe5+ Kg7 33. e6 fxe6
34. Nc7 Qb8 35. Nxe6+ Kf6 36. Qa3 Rg8 37. Qf3+ Nf4+ 38. Kh1 Qxa7 39. Qxf4+ Kg6
40. Qe4+ Kf6 41. Qf4+ Kg6 42. Qe4+ Kf6 1/2-1/2

[Event "European Youth Chess Championship B18"]
[Site "Prague, Top Hotel Prague"]
[Date "2012.08.20"]
[Round "4.20"]
[White "Altini, Nicola"]
[Black "Seidl, Stepan"]
[Result "1/2-1/2"]
[WhiteElo "2379"]
[BlackElo "2187"]
[PlyCount "88"]
[EventDate "2012.08.17"]

1. d4 Nf6 2. c4 g6 3. Nc3 d5 4. cxd5 Nxd5 5. Bd2 Bg7 6. e4 Nb6 7. Be3 O-O 8. h3
e5 9. Nf3 exd4 10. Bxd4 Be6 11. Bxg7 Kxg7 12. Qd4+ Qxd4 13. Nxd4 Bc4 14. O-O-O
Na6 15. Bxc4 Nxc4 16. b3 Na5 17. Ndb5 c6 18. Nd6 b6 19. e5 c5 20. Ncb5 Nc6 21.
f4 Rfd8 22. Rhe1 Kf8 23. g4 Rd7 24. f5 Re7 25. e6 fxe6 26. f6 Rd7 27. Rxe6 Nd4
28. Nxd4 cxd4 29. Rxd4 Rad8 30. f7 Rxf7 31. Nxf7 Rxd4 32. Ne5 Rd7 33. h4 Nc5
34. Rc6 Re7 35. Nf3 Nd3+ 36. Kd2 Nf2 37. g5 Ne4+ 38. Kc1 Nc5 39. Nd4 Nd3+ 40.
Kd2 Nb4 41. Rc8+ Kf7 42. a3 Rd7 43. Ke3 Re7+ 44. Kf3 Nd3 1/2-1/2

[Event "European Youth Chess Championship B18"]
[Site "Prague, Top Hotel Prague"]
[Date "2012.08.20"]
[Round "4.21"]
[White "Guttulsrud, Odd Martin"]
[Black "Straka, Jozef"]
[Result "1/2-1/2"]
[WhiteElo "2172"]
[BlackElo "2360"]
[PlyCount "69"]
[EventDate "2012.08.17"]

1. e4 c5 2. Nf3 d6 3. d4 cxd4 4. Nxd4 Nf6 5. Nc3 e6 6. Be2 Be7 7. O-O O-O 8.
Be3 a6 9. a4 Nc6 10. Qd2 Qc7 11. f4 Bd7 12. Nb3 b6 13. Rad1 Rfd8 14. Qe1 Be8
15. Qf2 Nd7 16. Qg3 g6 17. h4 Nc5 18. h5 Nb4 19. Nxc5 dxc5 20. Rc1 Nc6 21. hxg6
hxg6 22. e5 Nd4 23. Bd3 Nf5 24. Bxf5 exf5 25. Kf2 Kg7 26. Rh1 Bc6 27. Rh3 Rh8
28. Rch1 Rag8 29. Qh2 Rxh3 30. Qxh3 Kf8 31. Qh6+ Ke8 32. Qh7 Kf8 33. Qh6+ Ke8
34. Qh7 Kf8 35. Qh6+ 1/2-1/2

[Event "European Youth Chess Championship B18"]
[Site "Prague, Top Hotel Prague"]
[Date "2012.08.20"]
[Round "4.22"]
[White "Shahinyan, David"]
[Black "Nadirashvili, Shalva"]
[Result "1-0"]
[WhiteElo "2351"]
[BlackElo "2151"]
[PlyCount "81"]
[EventDate "2012.08.17"]

1. Nf3 c5 2. g3 g6 3. Bg2 Bg7 4. e4 Nc6 5. O-O d6 6. c3 e5 7. d3 Nge7 8. Be3
O-O 9. Nh4 Be6 10. Nd2 Qd7 11. f4 f5 12. Ndf3 exf4 13. gxf4 h6 14. Nd2 Kh7 15.
Qe1 b6 16. Qg3 Bf6 17. Nhf3 Bg7 18. h4 c4 19. Bd4 Nxd4 20. Nxd4 Bxd4+ 21. cxd4
cxd3 22. d5 Bf7 23. Qxd3 fxe4 24. Nxe4 Bxd5 25. h5 Qf5 26. hxg6+ Qxg6 27. Rac1
Rg8 28. Ng5+ hxg5 29. f5 Qf6 30. Bxd5 Nxd5 31. Qxd5 Raf8 32. Rf2 Rf7 33. Re1
Rc8 34. Re6 Rc1+ 35. Kg2 Qg7 36. Rg6 Qf8 37. Qf3 Rg7 38. Qh5+ Kg8 39. f6 Qa8+
40. Rf3 Rc2+ 41. Kg3 1-0

[Event "European Youth Chess Championship B18"]
[Site "Prague, Top Hotel Prague"]
[Date "2012.08.20"]
[Round "4.23"]
[White "Berchtenbreiter, Maximilian"]
[Black "Sosovicka, Juraj"]
[Result "1-0"]
[WhiteElo "2326"]
[BlackElo "2108"]
[PlyCount "49"]
[EventDate "2012.08.17"]

1. e4 e5 2. Nf3 Nc6 3. Bc4 Nf6 4. d3 Be7 5. c3 O-O 6. Bb3 d6 7. Nbd2 Na5 8. Bc2
c5 9. Qe2 Nc6 10. h3 Re8 11. Nf1 h6 12. g4 d5 13. Ng3 d4 14. Nf5 Bxf5 15. gxf5
b5 16. Rg1 Kh7 17. h4 Rc8 18. a4 dxc3 19. bxc3 Qa5 20. Bd2 b4 21. Ng5+ Kg8 22.
Nxf7 Kxf7 23. Bb3+ Kf8 24. Bxh6 gxh6 25. Qh5 1-0

[Event "European Youth Chess Championship B18"]
[Site "Prague, Top Hotel Prague"]
[Date "2012.08.20"]
[Round "4.24"]
[White "Ostovic, Matija"]
[Black "Pastar, Slaven"]
[Result "1-0"]
[WhiteElo "2290"]
[BlackElo "2093"]
[PlyCount "76"]
[EventDate "2012.08.17"]

1. e4 c5 2. c3 e6 3. d4 d5 4. exd5 exd5 5. Nf3 Nc6 6. Bb5 Bd6 7. dxc5 Bxc5 8.
O-O Nge7 9. Nbd2 O-O 10. Nb3 Bb6 11. h3 Nf5 12. Bf4 Re8 13. Qd2 f6 14. Rfe1
Nfe7 15. Rad1 Bf5 16. Nbd4 Be4 17. Bd3 Ng6 18. Bg3 Nxd4 19. Nxd4 Bxd4 20. Bxe4
dxe4 21. Qxd4 Qxd4 22. Rxd4 f5 23. Rd7 Rad8 24. Rxb7 f4 25. Bh2 Ne5 26. Kf1 Nd3
27. Rd1 g5 28. Rxa7 e3 29. fxe3 fxe3 30. Ke2 Nc1+ 31. Rxc1 Rd2+ 32. Kf3 Rd5 33.
Re1 Rf5+ 34. Kg4 Rf2 35. Bg1 Rf4+ 36. Kxg5 Ref8 37. g4 Rf3 38. Rxe3 Rf1 1-0

[Event "European Youth Chess Championship B18"]
[Site "Prague, Top Hotel Prague"]
[Date "2012.08.20"]
[Round "4.25"]
[White "Lewicki, Miroslaw"]
[Black "Ronka, Erik"]
[Result "0-1"]
[WhiteElo "2200"]
[BlackElo "2086"]
[PlyCount "78"]
[EventDate "2012.08.17"]

1. e4 c6 2. d4 d5 3. exd5 cxd5 4. Nf3 Nc6 5. c4 Nf6 6. Nc3 Bg4 7. Be2 e6 8. O-O
dxc4 9. Qa4 Be7 10. Qxc4 O-O 11. Bf4 Rc8 12. Qa4 Nd5 13. Nxd5 Qxd5 14. h3 Bh5
15. Rac1 Rfd8 16. Rfd1 Bg6 17. Ne5 Nxe5 18. dxe5 Rxc1 19. Bxc1 Qc6 20. Rxd8+
Bxd8 21. Qxc6 bxc6 22. Bf3 c5 23. Be3 Bb6 24. Kf1 Kf8 25. Ke2 Ke7 26. a4 Kd7
27. Bd2 a5 28. Be1 f6 29. Bc3 Ke7 30. Kd2 Be8 31. Be4 f5 32. Bc2 Bc6 33. g4 g6
34. gxf5 gxf5 35. Ke3 c4+ 36. Bd4 f4+ 37. Kxf4 Bxd4 38. b3 cxb3 39. Bxb3 Bxf2
0-1

[Event "European Youth Chess Championship B18"]
[Site "Prague, Top Hotel Prague"]
[Date "2012.08.20"]
[Round "4.26"]
[White "Balacek, Tadeas"]
[Black "Braun, Marek"]
[Result "1/2-1/2"]
[WhiteElo "2178"]
[BlackElo "2200"]
[PlyCount "81"]
[EventDate "2012.08.17"]

1. d4 Nf6 2. c4 g6 3. Nc3 Bg7 4. Nf3 O-O 5. Bf4 d6 6. e3 c6 7. h3 a6 8. Be2 b5
9. a3 Qb6 10. Qc2 Nbd7 11. O-O Re8 12. e4 e5 13. dxe5 dxe5 14. Be3 Qb7 15. Rfd1
Nf8 16. b4 Nh5 17. cxb5 axb5 18. a4 bxa4 19. Nxa4 Ne6 20. Nc5 Nxc5 21. Rxa8
Qxa8 22. Bxc5 Nf4 23. Bc4 Ne6 24. Bxe6 Bxe6 25. Ng5 h6 26. Nxe6 Rxe6 27. Rd7
Bf8 28. Qd1 Bxc5 29. Rd8+ Qxd8 30. Qxd8+ Bf8 31. Qb8 Rd6 32. b5 cxb5 33. Qxb5
Re6 34. g3 g5 35. Kg2 Kg7 36. Kg1 Kg8 37. Kg2 Kg7 38. Kg1 Kg8 39. Kg2 Kg7 40.
Kg1 Kg8 41. Kf1 1/2-1/2

[Event "European Youth Chess Championship B18"]
[Site "Prague, Top Hotel Prague"]
[Date "2012.08.20"]
[Round "4.27"]
[White "Aperia, Jakob"]
[Black "Verstraeten, Reinaert"]
[Result "0-1"]
[WhiteElo "2098"]
[BlackElo "2191"]
[PlyCount "98"]
[EventDate "2012.08.17"]

1. c4 Nf6 2. g3 g6 3. Bg2 Bg7 4. Nc3 O-O 5. d4 d6 6. Nf3 Nc6 7. O-O Rb8 8. Bf4
a6 9. Rc1 Bd7 10. c5 Nh5 11. Be3 dxc5 12. dxc5 e5 13. Qd2 Ne7 14. Bh6 f6 15. e4
Be6 16. Rfd1 Qe8 17. Bxg7 Nxg7 18. Nd5 Nxd5 19. exd5 Rd8 20. Ne1 Bg4 21. Bf3
Bxf3 22. Nxf3 e4 23. Re1 f5 24. Qh6 Nh5 25. Ng5 Rd7 26. c6 bxc6 27. Rxc6 Nf6
28. Rxa6 Nxd5 29. Re6 Qa8 30. Rc1 Rf6 31. Rcc6 Qf8 32. Qxf8+ Rxf8 33. a3 Rb8
34. Rc2 Ne7 35. Re5 Kg7 36. Ra5 c6 37. Ne6+ Kf6 38. Nc5 Rd1+ 39. Kg2 Rbd8 40.
Nb3 R1d3 41. Nc1 Rd2 42. Rac5 e3 43. Kf1 Rxc2 44. Rxc2 Rd2 45. Rc3 Rxf2+ 46.
Kg1 Rd2 47. b4 f4 48. gxf4 Nd5 49. Rd3 Nxf4 0-1

[Event "European Youth Chess Championship B18"]
[Site "Prague, Top Hotel Prague"]
[Date "2012.08.20"]
[Round "4.28"]
[White "Romanov, Stanislav"]
[Black "Plat, Vojtech"]
[Result "0-1"]
[WhiteElo "2115"]
[BlackElo "2480"]
[PlyCount "74"]
[EventDate "2012.08.17"]

1. e4 c5 2. Nc3 Nc6 3. g3 g6 4. Bg2 Bg7 5. d3 d6 6. Nge2 Rb8 7. Be3 b5 8. Qd2
Bg4 9. f3 Bd7 10. O-O h5 11. f4 h4 12. d4 hxg3 13. hxg3 b4 14. Nd5 e6 15. dxc5
exd5 16. exd5 Nce7 17. c6 Bf5 18. Bxa7 Nh6 19. Bf3 Rb5 20. Bd4 O-O 21. Bxg7
Kxg7 22. Nd4 Rc5 23. Nb3 Rc4 24. Rae1 Neg8 25. c3 bxc3 26. Qe2 Qb6+ 27. Kg2 Qb4
28. bxc3 Rxc3 29. Rc1 Rxf3 30. Rc4 Rxb3 31. Rxb4 Rxb4 32. Rc1 Nf6 33. Qd2 Rb5
34. c7 Nhg4 35. Qc3 Rh8 36. Qa1 Rb2+ 37. Kg1 Be4 0-1

[Event "European Youth Chess Championship B18"]
[Site "Prague, Top Hotel Prague"]
[Date "2012.08.20"]
[Round "4.29"]
[White "Kriebel, Tadeas"]
[Black "Pavel, Sebastian-Ionut"]
[Result "1-0"]
[WhiteElo "2376"]
[BlackElo "2045"]
[PlyCount "51"]
[EventDate "2012.08.17"]

1. d4 Nf6 2. Nf3 g6 3. c4 Bg7 4. g3 O-O 5. Bg2 d6 6. O-O c6 7. Nc3 Qa5 8. Qd2
e5 9. dxe5 dxe5 10. Ne4 Qxd2 11. Nxf6+ Bxf6 12. Nxd2 Be6 13. b3 Be7 14. Ne4 f6
15. Rd1 Na6 16. Be3 b6 17. Rd2 Rad8 18. Rad1 Nb4 19. Nd6 c5 20. Bh6 Rxd6 21.
Rxd6 Bxd6 22. Rxd6 Re8 23. a3 Nc2 24. Bc6 Rc8 25. Rxe6 Nd4 26. Bd5 1-0

[Event "European Youth Chess Championship B18"]
[Site "Prague, Top Hotel Prague"]
[Date "2012.08.20"]
[Round "4.30"]
[White "Mcclement, Andrew"]
[Black "Emiroglu, Cankut"]
[Result "1-0"]
[WhiteElo "2088"]
[BlackElo "2299"]
[PlyCount "123"]
[EventDate "2012.08.17"]

1. e4 c5 2. Nf3 Nc6 3. d4 cxd4 4. Nxd4 g6 5. Nc3 Bg7 6. Be3 Nf6 7. Bc4 O-O 8.
Bb3 a5 9. f3 d5 10. Bxd5 Nxd5 11. exd5 Nb4 12. Nde2 Bf5 13. Rc1 Ra6 14. a3 Rd6
15. Bc5 Nxd5 16. Bxd6 Ne3 17. Qd2 Nc4 18. Qf4 Nxd6 19. b3 Qb6 20. Nd5 Qc5 21.
Nxe7+ Kh8 22. b4 axb4 23. axb4 Qb6 24. Rd1 Nb5 25. Nd5 Qe6 26. Kf2 Bxc2 27. Rd2
Bb3 28. Ne3 Re8 29. Qe4 Qxe4 30. fxe4 Bh6 31. Rb1 Be6 32. Rbd1 Bg5 33. Rd3 Ra8
34. Kf3 Ra2 35. Nf4 Bxf4 36. Kxf4 Rb2 37. Rd8+ Kg7 38. Rb8 Nc3 39. Re1 Rxb4 40.
Nc2 Nd5+ 41. Ke5 Nf6 42. Nxb4 Nd7+ 43. Kd6 Nxb8 44. Kc7 Na6+ 45. Nxa6 bxa6 46.
Rc1 Kf6 47. Rc5 Bg4 48. Kd6 Be2 49. e5+ Kg7 50. Rc7 Kg8 51. e6 fxe6 52. Kxe6 h5
53. Kf6 Bd3 54. Rd7 Bf5 55. Rd6 Kh7 56. Rxa6 Bd3 57. Ra7+ Kh6 58. Ra8 Kh7 59.
Kg5 Kg7 60. Ra7+ Kf8 61. Kf6 Ke8 62. Rg7 1-0

[Event "European Youth Chess Championship B18"]
[Site "Prague, Top Hotel Prague"]
[Date "2012.08.20"]
[Round "4.31"]
[White "Sofranov, Velizar"]
[Black "Petras, Marian"]
[Result "1-0"]
[WhiteElo "2218"]
[BlackElo "1958"]
[PlyCount "135"]
[EventDate "2012.08.17"]

1. d4 Nf6 2. c4 g6 3. Nc3 Bg7 4. e4 d6 5. Nf3 O-O 6. h3 e5 7. d5 a5 8. Bg5 Qe8
9. g4 Na6 10. Be2 Nc5 11. Nd2 h6 12. Be3 Kh7 13. h4 Ng8 14. h5 g5 15. b3 b6 16.
a3 Bb7 17. f3 Qe7 18. Kf1 Nf6 19. Kg2 Nfd7 20. Qc2 Rfc8 21. b4 axb4 22. axb4
Rxa1 23. Rxa1 Na6 24. Qb2 Ra8 25. Nf1 Bf8 26. Ng3 f6 27. Nh1 Qd8 28. Nf2 Be7
29. Ra4 Kg7 30. Qa3 Qc8 31. Nh1 Kh7 32. Ng3 Bf8 33. Nf5 Kh8 34. Nb1 Kh7 35. Nd2
Kh8 36. Nb3 Kh7 37. Nc1 Kh8 38. Nd3 Kh7 39. Bd1 Kh8 40. Qa1 Kh7 41. Ra2 Kh8 42.
Kh3 Kh7 43. Ng3 Kh8 44. Ne2 Be7 45. Nc3 Kh7 46. Kg3 Kg7 47. Kf2 Kh7 48. Kg3 Kg7
49. Bc2 Qf8 50. Ba4 Nab8 51. Bb5 Rxa2 52. Qxa2 Qc8 53. Qa7 Ba6 54. c5 bxc5 55.
bxc5 Bxb5 56. Nxb5 Qa6 57. Qxa6 Nxa6 58. c6 Ndb8 59. Ba7 Bd8 60. Nc1 Kh7 61.
Nb3 Kg7 62. Nd2 Kf7 63. Nc4 Ke8 64. Ne3 Be7 65. Bxb8 Nxb8 66. Nxc7+ Kf7 67. Nf5
Bf8 68. Ne6 1-0

[Event "European Youth Chess Championship B18"]
[Site "Prague, Top Hotel Prague"]
[Date "2012.08.20"]
[Round "4.32"]
[White "Konvicka, Martin"]
[Black "Jovanovic, Bojan P"]
[Result "0-1"]
[WhiteElo "1937"]
[BlackElo "2179"]
[PlyCount "70"]
[EventDate "2012.08.17"]

1. e4 e6 2. d4 d5 3. Nc3 Bb4 4. e5 c5 5. a3 Bxc3+ 6. bxc3 Ne7 7. Qg4 O-O 8. Bd3
f5 9. Qg3 Qa5 10. Bd2 Qa4 11. Nf3 c4 12. Be2 Qxc2 13. Rc1 Qa4 14. h4 Nbc6 15.
h5 Kh8 16. Nh4 Rf7 17. Bg5 h6 18. Bf4 Qa5 19. Qe3 Kh7 20. Rh3 Bd7 21. Rg3 Qxa3
22. Rg6 Ng8 23. Qg3 Nce7 24. Nf3 b5 25. Ng5+ hxg5 26. Qxg5 a5 27. f3 b4 28.
cxb4 axb4 29. Kf2 b3 30. Rh1 b2 31. Rh3 b1=Q 32. Rg3 Qaa1 33. Rxg7+ Kh8 34. Bc1
Qxc1 35. Qxc1 Qxd4+ 0-1

[Event "European Youth Chess Championship B18"]
[Site "Prague, Top Hotel Prague"]
[Date "2012.08.20"]
[Round "4.33"]
[White "Swijsen, Lars"]
[Black "Silva Rodriguez, Julio"]
[Result "1-0"]
[WhiteElo "2097"]
[BlackElo "2165"]
[PlyCount "63"]
[EventDate "2012.08.17"]

1. c4 e5 2. g3 Nf6 3. Bg2 d5 4. cxd5 Nxd5 5. Nf3 Nc6 6. O-O Nb6 7. d3 Be7 8.
Nbd2 O-O 9. a3 Re8 10. b4 Bf8 11. Bb2 Bg4 12. h3 Bf5 13. Kh2 a6 14. Rc1 f6 15.
Nh4 Be6 16. Ne4 Nd7 17. Qd2 Be7 18. g4 g6 19. Nf3 Nb6 20. g5 f5 21. Nc5 Bxc5
22. bxc5 Na4 23. Ba1 Nd4 24. Nxd4 exd4 25. Qb4 Nc3 26. Rxc3 dxc3 27. Qxc3 Re7
28. Qh8+ Kf7 29. Qxh7+ Ke8 30. Qxg6+ Kd7 31. Bxb7 Rb8 32. c6+ 1-0

[Event "European Youth Chess Championship B18"]
[Site "Prague, Top Hotel Prague"]
[Date "2012.08.20"]
[Round "4.34"]
[White "Lis, Marek"]
[Black "Archer-Lock, Adrian"]
[Result "1-0"]
[WhiteElo "2162"]
[BlackElo "1923"]
[PlyCount "93"]
[EventDate "2012.08.17"]

1. e4 e6 2. Qe2 c5 3. Nf3 Nc6 4. g3 Be7 5. d3 b6 6. Bg2 Bb7 7. O-O Nf6 8. Nbd2
d5 9. e5 Nd7 10. Re1 g5 11. h3 h5 12. c3 Qc7 13. g4 O-O-O 14. Nf1 hxg4 15. hxg4
Rh7 16. d4 Rg8 17. Bd2 Nf8 18. Qd3 Rgh8 19. Ng3 Qd8 20. dxc5 bxc5 21. c4 Ng6
22. cxd5 exd5 23. Nxg5 Bxg5 24. Qf5+ Qd7 25. Bxg5 Nd4 26. Qxd7+ Kxd7 27. Rac1
Re8 28. Bf6 Nf4 29. Rxc5 Nd3 30. Rd1 Nxc5 31. Rxd4 Ne6 32. Rd2 Nf4 33. Ne4 Rc8
34. Nc3 Nxg2 35. Kxg2 a6 36. f3 Ke6 37. Ne4 Rh6 38. Ng5+ Kd7 39. Nxf7 Rh7 40.
Nd6 Rc7 41. Nxb7 Rxb7 42. Rxd5+ Ke8 43. e6 Rb8 44. g5 Rh5 45. e7 Kf7 46. Rd8
Rxb2+ 47. Kg3 1-0

[Event "European Youth Chess Championship B18"]
[Site "Prague, Top Hotel Prague"]
[Date "2012.08.20"]
[Round "4.35"]
[White "Papakonstantinou, Dimitrios"]
[Black "Tahaoglu, Ugur Barkin"]
[Result "0-1"]
[WhiteElo "2129"]
[BlackElo "1912"]
[PlyCount "100"]
[EventDate "2012.08.17"]

1. e4 c5 2. Nf3 d6 3. d4 cxd4 4. Nxd4 Nf6 5. Nc3 a6 6. Bg5 e6 7. f4 Qb6 8. Qd2
Qxb2 9. Rb1 Qa3 10. e5 h6 11. Bh4 dxe5 12. fxe5 Nfd7 13. Ne4 Qxa2 14. Rd1 Qd5
15. Qe3 Qxe5 16. Be2 Bc5 17. Bg3 Bxd4 18. Rxd4 Qa5+ 19. Rd2 O-O 20. Bd6 Nc6 21.
Bxf8 Nxf8 22. O-O Qe5 23. Qf2 f5 24. Nd6 Qf6 25. Rb1 Qe7 26. Qb6 Nd7 27. Nxc8
Rxc8 28. Qb2 b5 29. Re1 Nce5 30. Qa2 Rc6 31. Bd3 Qc5+ 32. Kh1 Kh8 33. h3 Qb6
34. Qa3 Nxd3 35. Qxd3 Nc5 36. Qf3 Ne4 37. Rde2 Rc8 38. Re3 Rxc2 39. Qh5 Kh7 40.
Qh4 Rc4 41. Qh5 Qc6 42. Qf3 Rc2 43. R3e2 Rxe2 44. Rxe2 a5 45. Re1 b4 46. g4 Qc5
47. gxf5 exf5 48. Rf1 a4 49. Kg2 b3 50. Qd3 Qc3 0-1

[Event "European Youth Chess Championship B18"]
[Site "Prague, Top Hotel Prague"]
[Date "2012.08.20"]
[Round "4.36"]
[White "Kyrkjebo, Erlend"]
[Black "Poska, Karolis"]
[Result "1-0"]
[WhiteElo "2047"]
[BlackElo "1884"]
[PlyCount "81"]
[EventDate "2012.08.17"]

1. e4 c5 2. Nf3 Nc6 3. d4 cxd4 4. Nxd4 e5 5. Nb5 d6 6. c4 Be7 7. N1c3 a6 8. Na3
Be6 9. Nc2 Rc8 10. Nd5 Nf6 11. Bd3 b5 12. Nxf6+ Bxf6 13. cxb5 axb5 14. Qe2 b4
15. Bb5 b3 16. Nb4 Bd7 17. Bxc6 Bxc6 18. axb3 O-O 19. O-O Qb6 20. Nxc6 Rxc6 21.
Qd3 Qd4 22. Rd1 Rfc8 23. Qf3 Qb6 24. Bd2 Be7 25. b4 g6 26. Bc3 Rc4 27. h3 Qb7
28. Rd5 f5 29. exf5 Rf4 30. Qd3 Rxf5 31. Rda5 Qb6 32. Qd5+ Kg7 33. Ra7 Qxf2+
34. Kh1 Rf7 35. Qe6 Re8 36. b5 Qe2 37. b6 Rf1+ 38. Kh2 Rxa1 39. Rxa1 Qe4 40.
Rf1 Qh4 41. Qf7+ 1-0

[Event "European Youth Chess Championship B18"]
[Site "Prague, Top Hotel Prague"]
[Date "2012.08.20"]
[Round "4.37"]
[White "Real, Thibault"]
[Black "Lhotka, Jiri"]
[Result "1-0"]
[WhiteElo "2010"]
[BlackElo "2082"]
[PlyCount "125"]
[EventDate "2012.08.17"]

1. e4 c5 2. c3 d6 3. d4 Qc7 4. Nf3 g6 5. Be3 Bg7 6. Bd3 Nf6 7. h3 e5 8. O-O O-O
9. Nbd2 a6 10. dxc5 dxc5 11. a4 Rd8 12. Qe2 h6 13. a5 Nh5 14. Bc4 Nf4 15. Bxf4
exf4 16. e5 Nc6 17. e6 Bxe6 18. Bxe6 fxe6 19. Qxe6+ Qf7 20. Qxf7+ Kxf7 21. Rfd1
g5 22. Nc4 Rxd1+ 23. Rxd1 Rd8 24. Rxd8 Nxd8 25. Kf1 Ke6 26. Ke2 Bf6 27. Nfd2
Nc6 28. Kf3 Bd8 29. Kg4 Nxa5 30. Nxa5 Bxa5 31. Kh5 Kf5 32. Kxh6 b5 33. f3 Bd8
34. Ne4 Be7 35. Kg7 c4 36. Kf7 Bd8 37. Ke8 Bb6 38. Kd7 Be3 39. Kc6 Bc1 40. Nc5
b4 41. Nxa6 Bxb2 42. Nxb4 Bxc3 43. Kc5 Ke6 44. Kxc4 Bf6 45. Nd5 Ba1 46. Nc3 Kf5
47. Ne4 Bb2 48. Kd5 Ba3 49. Nd6+ Kf6 50. Nc4 Bb4 51. Ke4 Ke6 52. h4 gxh4 53.
Kxf4 Be1 54. Kg4 Bf2 55. Nd2 Be1 56. Ne4 Ke5 57. Ng5 Bg3 58. Nf7+ Kd4 59. Nh6
Ke3 60. Nf5+ Kf2 61. Nxg3 Kxg2 62. Nh5 Kf2 63. f4 1-0

[Event "European Youth Chess Championship B18"]
[Site "Prague, Top Hotel Prague"]
[Date "2012.08.20"]
[Round "4.39"]
[White "Belsley, Alexandre"]
[Black "Suchomel, Ales"]
[Result "1/2-1/2"]
[WhiteElo "1842"]
[BlackElo "2044"]
[PlyCount "73"]
[EventDate "2012.08.17"]

1. d4 Nf6 2. c4 e6 3. g3 Bb4+ 4. Bd2 Be7 5. Bg2 d5 6. Nf3 c6 7. O-O O-O 8. Qc2
b6 9. Rd1 Ba6 10. b3 Nbd7 11. a4 Ne4 12. a5 Nxd2 13. Nbxd2 bxa5 14. e4 Bb4 15.
Ne1 Qb6 16. c5 Qb7 17. Nd3 Rfb8 18. Nxb4 axb4 19. Re1 Nf6 20. Ra5 Bb5 21. Rea1
Qd7 22. e5 Ne8 23. f4 Be2 24. Nf3 Bxf3 25. Bxf3 Rb7 26. Be2 Nc7 27. Bd3 g6 28.
R1a2 Rab8 29. Qb1 Ra8 30. Qa1 Ne8 31. Ra6 Kg7 32. Kg2 Nc7 33. R6a5 Ne8 34. Ra6
Nc7 35. R6a5 Ne8 36. Ra6 Nc7 37. R6a5 1/2-1/2

[Event "European Youth Chess Championship B18"]
[Site "Prague, Top Hotel Prague"]
[Date "2012.08.20"]
[Round "4.40"]
[White "Foster, James M"]
[Black "Panainte, Daniel-Iulian"]
[Result "1-0"]
[WhiteElo "2037"]
[BlackElo "2005"]
[PlyCount "117"]
[EventDate "2012.08.17"]

1. e4 e6 2. f4 d5 3. e5 c5 4. Nf3 Nc6 5. c3 Nh6 6. Na3 Nf5 7. Nc2 d4 8. Bd3 b6
9. Bxf5 exf5 10. cxd4 Qd5 11. Ne3 Qd7 12. dxc5 Bxc5 13. a3 Ba6 14. Qc2 Bd3 15.
Qc3 Rc8 16. Nc4 Qd5 17. Ne3 Qd7 18. Nc4 Qd5 19. Ne3 Bxe3 20. dxe3 O-O 21. b4
Rfd8 22. Qd2 Qb3 23. Qb2 Qa4 24. Bd2 Ne7 25. Nd4 Nc6 26. Bc3 Nxd4 27. exd4 Qc6
28. Rc1 Qe4+ 29. Kd1 Qxf4 30. Qd2 Qg4+ 31. Ke1 Qe4+ 32. Kf2 f4 33. Rhe1 Qf5 34.
Kg1 f3 35. gxf3 Rc6 36. Qf2 Rg6+ 37. Kh1 Rh6 38. Rg1 Be4 39. Rg3 Bd5 40. Bd2
Rh3 41. Kg2 Rxg3+ 42. hxg3 Qd3 43. Rc3 Qb1 44. Qe3 h6 45. Rc7 a6 46. Rc3 b5 47.
Qe1 Qf5 48. Qe2 Bc4 49. Qf2 Qb1 50. g4 Qd1 51. Kg3 Qh1 52. Rc1 Qxc1 53. Bxc1
Rd7 54. f4 Rc7 55. f5 Bd3 56. Bd2 Rc6 57. f6 g5 58. Qh2 Kh7 59. Qf2 1-0

[Event "European Youth Chess Championship B18"]
[Site "Prague, Top Hotel Prague"]
[Date "2012.08.20"]
[Round "4.41"]
[White "Gabovits, Ilia"]
[Black "Pospisil, Martin"]
[Result "1-0"]
[WhiteElo "1893"]
[BlackElo "2084"]
[PlyCount "72"]
[EventDate "2012.08.17"]

1. e4 c5 2. Nf3 d6 3. d4 cxd4 4. Nxd4 Nf6 5. Nc3 g6 6. Be3 Bg7 7. f3 O-O 8. Qd2
Nc6 9. g4 Nxd4 10. Bxd4 Be6 11. h4 Qa5 12. a3 Rab8 13. h5 b5 14. b4 Qc7 15.
Bxb5 Rfc8 16. Ba6 Rd8 17. hxg6 hxg6 18. Rd1 Bc4 19. Bxc4 Qxc4 20. Qe2 Rbc8 21.
Qxc4 Rxc4 22. Ne2 Rxc2 23. Rd2 Rxd2 24. Kxd2 e5 25. Bxa7 Ra8 26. Be3 Rxa3 27.
Nc3 Rb3 28. g5 Nd7 29. Nd5 f6 30. Ra1 fxg5 31. Kc2 Rxe3 32. Nxe3 Kf7 33. Ra6
Ke6 34. Nc4 Bf8 35. Kb3 Be7 36. Ra8 Kf7 1-0

[Event "European Youth Chess Championship B18"]
[Site "Prague, Top Hotel Prague"]
[Date "2012.08.20"]
[Round "4.42"]
[White "Olson, Hamish"]
[Black "Alfimov, Igor"]
[Result "1-0"]
[WhiteElo "2055"]
[BlackElo "1969"]
[PlyCount "57"]
[EventDate "2012.08.17"]

1. e4 e5 2. Nf3 Nc6 3. Bb5 a6 4. Ba4 d6 5. O-O Bd7 6. c4 g6 7. d4 Bg7 8. d5
Nce7 9. Bxd7+ Qxd7 10. Nc3 h6 11. Ne1 f5 12. f3 f4 13. Nd3 Nf6 14. c5 Kf7 15.
Qb3 Nh5 16. Na4 Rab8 17. cxd6 cxd6 18. Nb6 Qd8 19. Bd2 Nc8 20. Nxc8 Qxc8 21.
Rac1 Qd7 22. Qb6 Rhc8 23. Bb4 Bf8 24. b3 Nf6 25. Nxe5+ dxe5 26. Bxf8 Ne8 27.
Ba3 Rxc1 28. Rxc1 Rc8 29. Qe6+ 1-0

[Event "European Youth Chess Championship B18"]
[Site "Prague, Top Hotel Prague"]
[Date "2012.08.20"]
[Round "4.43"]
[White "Krusina, Patrik"]
[Black "Starek, Stanislav"]
[Result "0-1"]
[WhiteElo "1922"]
[BlackElo "2052"]
[PlyCount "52"]
[EventDate "2012.08.17"]

1. b3 d5 2. Bb2 Nf6 3. e3 Bf5 4. f4 e6 5. Nf3 Be7 6. h3 Ne4 7. h4 Bg4 8. d3
Bxh4+ 9. Rxh4 Bxf3 10. Qxf3 Qxh4+ 11. Kd1 Nf6 12. Be2 Nc6 13. Nc3 O-O-O 14. Nb5
Ne4 15. g4 h5 16. g5 f6 17. Nd4 Nxd4 18. Bxd4 e5 19. dxe4 dxe4 20. Qxe4 exd4
21. exd4 fxg5 22. c3 Qxf4 23. Qe6+ Kb8 24. Kc2 Rhe8 25. Qc4 Qe4+ 26. Bd3 Qg2+
0-1